000
00197 a2200109 4500
020
_a
9992402814
041
_a
spa
100
_a
Anonimo
245
_a
Guia alimentaria
942
_c
BK
952
_7
1
999
_c
22597
_d
22597